Regulatory Hacking (Record no. 348625)

MARC details
000 -LEADER
fixed length control field 00473nam a2200169Ia 4500
008 - FIXED-LENGTH DATA ELEMENTS--GENERAL INFORMATION
fixed length control field 230718s9999 xx 000 0 und d
020 ## - INTERNATIONAL STANDARD BOOK NUMBER
International Standard Book Number 9780525533207
041 ## - LANGUAGE CODE
Language code of text/sound track or separate title eng
082 ## - DEWEY DECIMAL CLASSIFICATION NUMBER
Classification number 658.1'2
Item number BUR
100 ## - MAIN ENTRY--PERSONAL NAME
Personal name Burfield E.
9 (RLIN) 201168
245 ## - TITLE STATEMENT
Title Regulatory Hacking
Remainder of title A Playbook For Startups
260 ## - PUBLICATION, DISTRIBUTION, ETC. (IMPRINT)
Date of publication, distribution, etc. 2018
Name of publisher, distributor, etc. Portfolio/Penguin
300 ## - PHYSICAL DESCRIPTION
Extent 310
365 ## - TRADE PRICE
Currency code Rs.
Price amount 699.00
700 ## - ADDED ENTRY--PERSONAL NAME
Personal name Burfield E.
9 (RLIN) 201168
906 ## - LOCAL DATA ELEMENT F, LDF (RLIN)
d O:0615906-Oct-2018B:471412-Sep-2018
c GENRL
b 154
Holdings
Withdrawn status Lost status Damaged status Not for loan Home library Current library Date acquired Vendor Budget Code Cost, normal purchase price Bill number Total Checkouts Full call number Barcode Date last seen Discount Cost, replacement price Bill Date Koha item type Original Barcode
        Cummins College of Engineering for Women Pune Cummins College of Engineering for Women Pune 06/10/2018 Technical Book Services GENRL 545.00 4714   658.1'2 CCEP-BK-59832 18/07/2023 154 699.00 12/09/2018 Books 059832